Sia - Snowman - Statistics

General Stats
  • This quiz has been taken 76 times
  • The average score is 180 of 247
Answer Stats
Lyric % Correct
Snow,
100%
A
98%
a
98%
I
98%
you
96%
to
94%
be
93%
know
93%
snowman,
93%
snowman
93%
want
93%
me
91%
me,
91%
let's
89%
Let's
89%
Don't
87%
don't
87%
never
87%
So
87%
and
85%
for
85%
go
85%
I'm
85%
no
85%
on,
85%
that
85%
baby
83%
Baby
83%
baby?
83%
come
83%
cry,
83%
cry
83%
my
83%
My
83%
sun
83%
the
81%
from
80%
leaving
80%
zero
80%
'Cause
78%
love
76%
forever
74%
below
72%
fun
72%
tear
72%
death
70%
'til
70%
freezing
69%
have
69%
hide
69%
home,
69%
home
69%
North
69%
are
67%
Pole
67%
we'll
67%
Christmas,
65%
I'll
65%
Mrs.
65%
some
65%
tears
65%
darling?
63%
darling
63%
of
63%
seasons
63%
Yeah,
63%
all
61%
in
61%
can't
59%
Can't
59%
live
57%
catch
56%
if
56%
If
56%
it's
56%
not
56%
front
54%
happily
52%
now,
50%
this
50%
your
50%
way
48%
close,
44%
Who'll
44%
hold
43%
leave
43%
Please
43%
run,
43%
shed
41%
fear
37%
honey?
37%
honey
37%
legs
31%
where
31%
ears,
30%
hear
30%
hit
30%
without
30%
Without
30%
water
28%
carry
26%
puddle
26%
Yes,
24%
secrets
20%
No matching quizzes found
Score Distribution
Percent of People with Each Score
Percentile by Number Answered
Your Score History
You have not taken this quiz